Obras de San Agustín

Kaydedildi:
Detaylı Bibliyografya
Diğer Yazarlar: Vega, Ángel Custodio (traductor, (v.2)), Martín Pérez, Balbino (traductor, (v.18) (v.19) (v.20) (v.21) (v.22))
Materyal Türü: Kitap
Dil:İspanyolca
Latince
Baskı/Yayın Bilgisi: Madrid Biblioteca de Autores Cristianos 1946
Konular:
Etiketler: Etiketle
Etiket eklenmemiş, İlk siz ekleyin!

MARC

LEADER 00000nam a2200000 a 4500
001 UCY4660
003 CL-VaPUC
005 20221115074611.0
008 950323e19460000SP |||||||||||||||||spa|d
999 |c 232447  |d 232445 
040 |c Pontificia Universidad Católica de Valparaíso 
041 0 7 |a spa  |2 CL-VaPUC 
041 0 7 |a lat  |2 CL-VaPUC 
082 0 4 |a 189.2  |b OBR  |2 21 
245 1 0 |a Obras de San Agustín 
260 |a Madrid  |b Biblioteca de Autores Cristianos  |c 1946 
300 |a v 
500 |a v.2: Introducción a la filosofía de San Agustín. Las confesiones 
500 |a v.3: Obras filosóficas 
500 |a v.4: Obras apologéticas 
500 |a v.6: Tratados sobre la Gracia 
500 |a v.7: Sermones 
500 |a v.8: Cartas 
500 |a v.9: Tratados sobre la Gracia 
500 |a v.10: Homilías 
500 |a v.11: Cartas 2§, complemento del tomo VIII 
500 |a v.12: Tratados morales 
500 |a v.13: Tratados sobre el Evangelio de San Juan 1-35 
500 |a v.14: Tratados sobre el Evangelio de San Juan 36-124 
500 |a v.15: De la doctrina cristiana 
500 |a v.16-17: La ciudad de Dios 
500 |a v.18: Exposiciones de las epístolas 
500 |a v.19: Enarraciones sobre los Salmos 1o 
500 |a v.20: Enarraciones sobre los Salmos 2o 
500 |a v.21: Enarraciones sobre los Salmos 3o 
500 |a v.22: Enarraciones sobre los Salmos 4o 
583 |a last modification  |c 19950323 00:00:00  |k Rodrigo Vera 
600 0 |a San Agustín de Hipona  |x Teólogo y filósofo cristiano   |9 311590 
650 0 |a Filosofía cristiana   |9 265980 
650 0 |a Filosofía medieval  |9 256245 
700 1 |a Vega, Ángel Custodio  |e traductor  |e (v.2)  |9 863981 
700 1 |a Martín Pérez, Balbino  |e traductor  |e (v.18) (v.19) (v.20) (v.21) (v.22)  |9 864000 
942 |c BK  |2 ddc 
945 |d 19950323 00:00:00  |a aalvarez 
952 |0 0  |1 0  |4 0  |6 189_200000000000000_OBR_1946  |7 0  |8 R  |9 236873  |a BIBEDU  |b BIBEDU  |c MCIRC  |d 2019-11-15  |h v.2  |i 3067874  |o 189.2 OBR 1946  |p 3067874  |r 2023-01-13  |w 2019-11-15  |y BK_R  |k FIL 
952 |0 0  |1 0  |4 0  |6 189_200000000000000_OBR_1946  |7 0  |8 R  |9 236874  |a BIBEDU  |b BIBEDU  |c MCIRC  |d 2019-11-15  |h v.18  |i 1563297  |o 189.2 OBR 1946  |p 1563297  |r 2023-01-13  |w 2019-11-15  |y BK_R  |k FIL 
952 |0 0  |1 0  |4 0  |6 189_200000000000000_OBR_1946  |7 0  |8 R  |9 236875  |a BIBEDU  |b BIBEDU  |c MCIRC  |d 2019-11-15  |h v.3  |i 1568906  |l 2  |o 189.2 OBR 1946  |p 1568906  |r 2023-05-17  |s 2023-05-17  |w 2019-11-15  |y BK_R  |k FIL 
952 |0 0  |1 0  |4 0  |6 189_200000000000000_OBR_1946  |7 0  |8 R  |9 236876  |a BIBEDU  |b BIBEDU  |c MCIRC  |d 2019-11-15  |h v.19  |i 156966K  |o 189.2 OBR 1946  |p 156966K  |r 2023-01-13  |w 2019-11-15  |y BK_R  |k FIL 
952 |0 0  |1 0  |4 0  |6 189_200000000000000_OBR_1946  |7 0  |8 R  |9 236877  |a BIBEDU  |b BIBEDU  |c MCIRC  |d 2019-11-15  |h v.20  |i 1569678  |o 189.2 OBR 1946  |p 1569678  |r 2023-01-13  |w 2019-11-15  |y BK_R  |k FIL 
952 |0 0  |1 0  |4 0  |6 189_200000000000000_OBR_1946  |7 0  |8 R  |9 236878  |a BIBEDU  |b BIBEDU  |c MCIRC  |d 2019-11-15  |h v.21  |i 1569686  |o 189.2 OBR 1946  |p 1569686  |r 2023-01-13  |w 2019-11-15  |y BK_R  |k FIL 
952 |0 0  |1 0  |4 0  |6 189_200000000000000_OBR_1946  |7 0  |8 R  |9 236879  |a BIBEDU  |b BIBEDU  |c MCIRC  |d 2019-11-15  |h v.22  |i 1569694  |o 189.2 OBR 1946  |p 1569694  |r 2023-01-13  |w 2019-11-15  |y BK_R  |k FIL 
952 |0 0  |1 0  |4 0  |6 189_200000000000000_OBR_1946  |7 0  |8 DER_TF  |9 236880  |a BIBDER  |b BIBDER  |d 2019-11-15  |h v.16-17  |i 1880144  |l 1  |o 189.2 OBR 1946  |p 1880144  |r 2023-01-25  |s 2020-03-16  |w 2019-11-15  |x Ubicación 4to Piso  |y BK  |z Estos recursos deben solicitarse con anticipación  |k DER 
952 |0 0  |1 0  |4 0  |6 189_200000000000000_OBR_1946  |7 0  |8 A  |9 236881  |a BIBTEO  |b BIBTEO  |d 2019-11-15  |h v.3  |i 2099543  |o 189.2 OBR 1946  |p 2099543  |r 2025-01-17  |w 2019-11-15  |y BK  |k ICR 
952 |0 0  |1 0  |4 0  |6 189_200000000000000_OBR_1946  |7 0  |8 A  |9 236882  |a BIBTEO  |b BIBTEO  |d 2019-11-15  |h v.3  |i 2099551  |o 189.2 OBR 1946  |p 2099551  |r 2025-01-17  |w 2019-11-15  |y BK  |k ICR 
952 |0 0  |1 0  |4 0  |6 189_200000000000000_OBR_1946  |7 0  |8 A  |9 236883  |a BIBTEO  |b BIBTEO  |d 2019-11-15  |h v.4  |i 209956K  |o 189.2 OBR 1946  |p 209956K  |r 2025-01-17  |w 2019-11-15  |y BK  |k ICR 
952 |0 0  |1 0  |4 0  |6 189_200000000000000_OBR_1946  |7 0  |8 A  |9 236884  |a BIBTEO  |b BIBTEO  |d 2019-11-15  |h v.6  |i 2099578  |o 189.2 OBR 1946  |p 2099578  |r 2025-01-17  |w 2019-11-15  |y BK  |k ICR 
952 |0 0  |1 0  |4 0  |6 189_200000000000000_OBR_1946  |7 0  |8 A  |9 236885  |a BIBTEO  |b BIBTEO  |d 2019-11-15  |h v.6  |i 2099586  |o 189.2 OBR 1946  |p 2099586  |r 2025-01-17  |w 2019-11-15  |y BK  |k ICR 
952 |0 0  |1 0  |4 0  |6 189_200000000000000_OBR_1946  |7 0  |8 A  |9 236886  |a BIBTEO  |b BIBTEO  |d 2019-11-15  |h v.7  |i 2099594  |o 189.2 OBR 1946  |p 2099594  |r 2025-01-17  |w 2019-11-15  |y BK  |k ICR 
952 |0 0  |1 0  |4 0  |6 189_200000000000000_OBR_1946  |7 0  |8 A  |9 236887  |a BIBTEO  |b BIBTEO  |d 2019-11-15  |h v.7  |i 2099608  |o 189.2 OBR 1946  |p 2099608  |r 2025-01-17  |w 2019-11-15  |y BK  |k ICR 
952 |0 0  |1 0  |4 0  |6 189_200000000000000_OBR_1946  |7 0  |8 A  |9 236888  |a BIBTEO  |b BIBTEO  |d 2019-11-15  |h v.8  |i 2099616  |o 189.2 OBR 1946  |p 2099616  |r 2025-01-17  |w 2019-11-15  |y BK  |k ICR 
952 |0 0  |1 0  |4 0  |6 189_200000000000000_OBR_1946  |7 0  |8 A  |9 236889  |a BIBTEO  |b BIBTEO  |d 2019-11-15  |h v.8  |i 2099624  |l 1  |m 6  |o 189.2 OBR 1946  |p 2099624  |r 2025-01-17  |s 2023-07-07  |w 2019-11-15  |y BK  |k ICR 
952 |0 0  |1 0  |4 0  |6 189_200000000000000_OBR_1946  |7 0  |8 A  |9 236890  |a BIBTEO  |b BIBTEO  |d 2019-11-15  |h v.9  |i 2099632  |o 189.2 OBR 1946  |p 2099632  |r 2025-01-17  |w 2019-11-15  |y BK  |k ICR 
952 |0 0  |1 0  |4 0  |6 189_200000000000000_OBR_1946  |7 0  |8 A  |9 236891  |a BIBTEO  |b BIBTEO  |d 2019-11-15  |h v.9  |i 2099640  |o 189.2 OBR 1946  |p 2099640  |r 2025-01-17  |w 2019-11-15  |y BK  |k ICR 
952 |0 0  |1 0  |4 0  |6 189_200000000000000_OBR_1946  |7 0  |8 A  |9 236892  |a BIBTEO  |b BIBTEO  |d 2019-11-15  |h v.10  |i 2099659  |o 189.2 OBR 1946  |p 2099659  |r 2025-01-17  |w 2019-11-15  |y BK  |k ICR 
952 |0 0  |1 0  |4 0  |6 189_200000000000000_OBR_1946  |7 0  |8 A  |9 236893  |a BIBTEO  |b BIBTEO  |d 2019-11-15  |h v.10  |i 2099667  |o 189.2 OBR 1946  |p 2099667  |r 2025-01-17  |w 2019-11-15  |y BK  |k ICR 
952 |0 0  |1 0  |4 0  |6 189_200000000000000_OBR_1946  |7 0  |8 A  |9 236894  |a BIBTEO  |b BIBTEO  |d 2019-11-15  |h v.11  |i 2099675  |o 189.2 OBR 1946  |p 2099675  |r 2025-01-17  |w 2019-11-15  |y BK  |k ICR 
952 |0 0  |1 0  |4 0  |6 189_200000000000000_OBR_1946  |7 0  |8 A  |9 236895  |a BIBTEO  |b BIBTEO  |d 2019-11-15  |h v.11  |i 2099683  |o 189.2 OBR 1946  |p 2099683  |r 2025-01-17  |w 2019-11-15  |y BK  |k ICR 
952 |0 0  |1 0  |4 0  |6 189_200000000000000_OBR_1946  |7 0  |8 A  |9 236896  |a BIBTEO  |b BIBTEO  |d 2019-11-15  |h v.12  |i 2099691  |o 189.2 OBR 1946  |p 2099691  |r 2025-01-17  |w 2019-11-15  |y BK  |k ICR 
952 |0 0  |1 0  |4 0  |6 189_200000000000000_OBR_1946  |7 0  |8 A  |9 236897  |a BIBTEO  |b BIBTEO  |d 2019-11-15  |h v.12  |i 2099705  |o 189.2 OBR 1946  |p 2099705  |r 2025-01-17  |w 2019-11-15  |y BK  |k ICR 
952 |0 0  |1 0  |4 0  |6 189_200000000000000_OBR_1946  |7 0  |8 A  |9 236898  |a BIBTEO  |b BIBTEO  |d 2019-11-15  |h v.13  |i 2099713  |o 189.2 OBR 1946  |p 2099713  |r 2025-01-17  |w 2019-11-15  |y BK  |k ICR 
952 |0 0  |1 0  |4 0  |6 189_200000000000000_OBR_1946  |7 0  |8 A  |9 236899  |a BIBTEO  |b BIBTEO  |d 2019-11-15  |h v.13  |i 2099721  |o 189.2 OBR 1946  |p 2099721  |r 2025-01-17  |w 2019-11-15  |y BK  |k ICR 
952 |0 0  |1 0  |4 0  |6 189_200000000000000_OBR_1946  |7 0  |8 A  |9 236900  |a BIBTEO  |b BIBTEO  |d 2019-11-15  |h v.13  |i 209973K  |o 189.2 OBR 1946  |p 209973K  |r 2025-01-17  |w 2019-11-15  |y BK  |k ICR 
952 |0 0  |1 0  |4 0  |6 189_200000000000000_OBR_1946  |7 0  |8 A  |9 236901  |a BIBTEO  |b BIBTEO  |d 2019-11-15  |h v.13  |i 2099748  |o 189.2 OBR 1946  |p 2099748  |r 2025-01-17  |w 2019-11-15  |y BK  |k ICR 
952 |0 0  |1 0  |4 0  |6 189_200000000000000_OBR_1946  |7 0  |8 A  |9 236902  |a BIBTEO  |b BIBTEO  |d 2019-11-15  |h v.14  |i 2099756  |o 189.2 OBR 1946  |p 2099756  |r 2025-01-17  |w 2019-11-15  |y BK  |k ICR 
952 |0 0  |1 0  |4 0  |6 189_200000000000000_OBR_1946  |7 0  |8 A  |9 236903  |a BIBTEO  |b BIBTEO  |d 2019-11-15  |h v.14  |i 2099764  |o 189.2 OBR 1946  |p 2099764  |r 2025-01-17  |w 2019-11-15  |y BK  |k ICR 
952 |0 0  |1 0  |4 0  |6 189_200000000000000_OBR_1946  |7 0  |8 A  |9 236904  |a BIBTEO  |b BIBTEO  |d 2019-11-15  |h v.14  |i 2099772  |o 189.2 OBR 1946  |p 2099772  |r 2025-01-17  |w 2019-11-15  |y BK  |k ICR 
952 |0 0  |1 2  |4 0  |6 189_200000000000000_OBR_1946  |7 0  |8 A  |9 236905  |a BIBTEO  |b BIBTEO  |d 2019-11-15  |h v.15  |i 2099780  |o 189.2 OBR 1946  |p 2099780  |r 2019-11-15  |w 2019-11-15  |y BK  |k ICR 
952 |0 0  |1 0  |4 0  |6 189_200000000000000_OBR_1946  |7 0  |8 A  |9 236906  |a BIBTEO  |b BIBTEO  |d 2019-11-15  |h v.15  |i 2099799  |l 3  |m 2  |o 189.2 OBR 1946  |p 2099799  |r 2025-01-17  |s 2024-07-23  |w 2019-11-15  |y BK  |k ICR 
952 |0 0  |1 0  |4 0  |6 189_200000000000000_OBR_1946  |7 0  |8 A  |9 236907  |a BIBTEO  |b BIBTEO  |d 2019-11-15  |h v.18  |i 2099802  |o 189.2 OBR 1946  |p 2099802  |r 2025-01-17  |w 2019-11-15  |y BK  |k ICR 
952 |0 0  |1 0  |4 0  |6 189_200000000000000_OBR_1946  |7 0  |8 A  |9 236908  |a BIBTEO  |b BIBTEO  |d 2019-11-15  |h v.19  |i 2099810  |o 189.2 OBR 1946  |p 2099810  |r 2025-01-17  |w 2019-11-15  |y BK  |k ICR 
952 |0 0  |1 0  |4 0  |6 189_200000000000000_OBR_1946  |7 0  |8 A  |9 236909  |a BIBTEO  |b BIBTEO  |d 2019-11-15  |h v.20  |i 2099829  |o 189.2 OBR 1946  |p 2099829  |r 2025-01-17  |w 2019-11-15  |y BK  |k ICR